| 000 | 01171cam a2200289 a 4500 | ||
|---|---|---|---|
| 999 |
_c328983 _d328983 |
||
| 001 | 2995803 | ||
| 003 | Nust | ||
| 005 | 20170420123456.0 | ||
| 008 | 930127s1993 nyua b 001 0 eng | ||
| 010 | _a 93012197 | ||
| 020 | _a0824789202 (acidfree paper) | ||
| 040 |
_aDLC _cDLC _dDLC |
||
| 050 | 0 | 0 |
_aTD798 _b.P564 1993 |
| 082 | 0 | 0 |
_a363.7288 NAB _220 |
| 245 | 0 | 0 |
_aPlastics waste management : _bdisposal, recycling, and reuse / _cEdited by Nabil Mustafa. |
| 260 |
_aNew York : _bM. Dekker, _cc1993. |
||
| 300 |
_avii, 413 p. : _bill. ; _c24 cm. |
||
| 440 | 0 |
_aEnvironmental science and pollution control series ; _v5 |
|
| 500 | _aH.B | ||
| 504 | _aIncludes bibliographical references and index. | ||
| 650 | 0 |
_aPlastic scrap _xRecycling. |
|
| 650 | 0 | _aRefuse and refuse disposal. | |
| 650 | 0 | _aPlastics industry and trade. | |
| 700 | 1 |
_aMustafa, Nabil, _d1943- |
|
| 856 | 4 | 2 |
_3Publisher description _uhttp://www.loc.gov/catdir/enhancements/fy0745/93012197-d.html |
| 906 |
_a7 _bcbc _corignew _d1 _eocip _f19 _gy-gencatlg |
||
| 942 |
_2ddc _cBK _k363.7288 NAB |
||